Mobile Communication (Record no. 327729)

MARC details
000 -LEADER
fixed length control field 00437nam a2200169Ia 4500
008 - FIXED-LENGTH DATA ELEMENTS--GENERAL INFORMATION
fixed length control field 230718s9999 xx 000 0 und d
020 ## - INTERNATIONAL STANDARD BOOK NUMBER
International Standard Book Number 9788183711791
041 ## - LANGUAGE CODE
Language code of text/sound track or separate title eng
082 ## - DEWEY DECIMAL CLASSIFICATION NUMBER
Classification number 621.384'5
Item number BEH
100 ## - MAIN ENTRY--PERSONAL NAME
Personal name Behera G.K.
9 (RLIN) 170657
245 ## - TITLE STATEMENT
Title Mobile Communication
260 ## - PUBLICATION, DISTRIBUTION, ETC. (IMPRINT)
Date of publication, distribution, etc. 2008
Name of publisher, distributor, etc. Scitech Pub
300 ## - PHYSICAL DESCRIPTION
Extent 781
365 ## - TRADE PRICE
Currency code Rs.
Price amount 390.00
700 ## - ADDED ENTRY--PERSONAL NAME
Personal name Behera G.K. & Das L.
9 (RLIN) 190809
906 ## - LOCAL DATA ELEMENT F, LDF (RLIN)
d B:358729-Apr-2011
c ME ETC
b 78
Holdings
Withdrawn status Lost status Damaged status Not for loan Home library Current library Date acquired Vendor Budget Code Cost, normal purchase price Bill number Total Checkouts Full call number Barcode Date last seen Date last checked out Discount Cost, replacement price Bill Date Koha item type Original Barcode
        Cummins College of Engineering for Women Pune Cummins College of Engineering for Women Pune 03/06/2011 Om Book Stall ME ETC 312.00 3587 1 621.384'5 CCEP-BK-38936 19/08/2025 05/08/2025 78 390.00 29/04/2011 Books 038936